නියම කිතුබැතියකු වීම /
Niyama kithubathiyaku viima
Saved in:
| Main Author: | |
|---|---|
| Format: | Book |
| Published: |
[තැ.නො.] :
[ප්ර.නො.],
1971.
|
| Tags: |
Add Tag
No Tags, Be the first to tag this record!
|
MARC
| LEADER | 00000nam a22000007a 4500 | ||
|---|---|---|---|
| 003 | LK-CoNLD | ||
| 005 | 20260407123558.0 | ||
| 008 | 260407b |||||||| |||| 00| 0 ||| d | ||
| 015 | |2 slnb | ||
| 017 | |a 161567 |b LK-CoDNA | ||
| 040 | |a LK-CoNLD |b SIN |c LK-CoNLD |d LK-CoNLD | ||
| 082 | |2 23 |q LK-CoNLD | ||
| 100 | |a ක්රිස්ටියන්වයිස් |9 93263 | ||
| 245 | |6 880-1 |a නියම කිතුබැතියකු වීම / |c ක්රිස්ටියන්වයිස්. | ||
| 260 | |a [තැ.නො.] : |b [ප්ර.නො.], |c 1971. | ||
| 300 | |a පි. 74 ; |c සෙමි. 19. |b මැබැ-බෝක : රු.177.60 | ||
| 500 | |a මිල තිරණය කීරිමේ මාර්ගෝපදේශයට අනුව සකසන ලද මිල රු. 177.60 වේ. | ||
| 880 | |6 245-1 |a Niyama kithubathiyaku viima | ||
| 942 | |c BOOK | ||
| 999 | |c 298717 |d 298717 | ||
| 945 | |a 21990 |b Sachini DHANANJANI |c 21990 |d Sachini DHANANJANI | ||